Tabulation of infrared spectral data /
Guardado en:
| Autor Principal: | |
|---|---|
| Otros Autores: | |
| Formato: | Libro |
| Idioma: | English |
| Publicado: |
New York :
Wiley,
c1977.
|
| Materias: | |
| Etiquetas: |
Agregar Etiqueta
Sin Etiquetas, Sea el primero en etiquetar este registro!
|
| LEADER | 00801cam a22002415a 4500 | ||
|---|---|---|---|
| 001 | EIQ.libpla002795 | ||
| 008 | 761014s1977####nyua#####b####001#0#eng#d | ||
| 005 | 20071227170218.0 | ||
| 245 | 1 | 0 | |a Tabulation of infrared spectral data / |c David Dolphin, Alexander Wick. |
| 260 | |a New York : |b Wiley, |c c1977. | ||
| 300 | |a xvi, 549 p. : |b il. ; |c 24 cm. | ||
| 500 | |a "A Wiley-Interscience publication." | ||
| 504 | |a Incluye referencias bibliográficas e índice. | ||
| 020 | |a 0471217808 | ||
| 100 | 1 | |a Dolphin, David. | |
| 700 | 1 | |a Wick, Alexander, |d 1938- | |
| 082 | 0 | 0 | |a 535/.842/0212 |
| 650 | 0 | |a Espectroscopía infrarroja |x Tablas. | |
| 650 | 0 | |a Infrared spectroscopy |x Tables. | |
| 010 | |a 76048994 | ||
| 040 | |a DLC |c DLC |d DLC | ||
| 050 | 0 | 0 | |a QC457 |b .D64 |
| 859 | |a AR-BbSID |b BIB. PLAPIQUI |h 544.63 |i D 71 |p 311 | ||
